| 000 | 01600nam a2200301 4500 | ||
|---|---|---|---|
| 003 | EC-UNACH | ||
| 005 | 20251017130122.0 | ||
| 006 | s||||gr|||| 00| 00 | ||
| 008 | 150116t9999 mx r gr 000 0 spa d | ||
| 020 | _a978-970-26-0852-3 | ||
| 040 |
_aEC-UNACH _cEC-UNACH |
||
| 041 | _aspa | ||
| 082 | 0 | 4 |
_223 _a658.8 _bL002118 |
| 110 | _aPearson Prentice Hall | ||
| 245 | _aMarketing Internacional de lugares y destinos | ||
| 250 | _aPrimera Edición | ||
| 264 |
_aMexico _bPearson Prentice Hall _c2007 |
||
| 300 | _a380 | ||
| 505 | _aCapitulo 1- El desafío de marketing en la nueva América latina y el caribe Capitulo 2- Lugares en problemas de América latina y el caribe Capitulo 3- Como se venden así mismo los lugares Capitulo 4- Como hacen sus elecciones los compradores de lugares Capitulo 5- La auditoria y el proceso de planeación estratégica Capitulo 6- Estrategias para el mejoramiento de lugares Capitulo 7- Diseño de imagen en un lugar Capítulo 8- Distribución de la imagen y los mensajes de un lugar Capitulo 9- Como atraer los mercados de los negocios de turismo y hospitalidad Capitulo 10- Como atraer, retener expandir los negocios Capitulo 11- Como expandir las exportaciones y estimular la inversión extranjera Capitulo 12- Como organizarse para el cambio | ||
| 650 | _aComo organizarse para el cambio | ||
| 650 | _aRespuesta | ||
| 650 | _aDesafio | ||
| 700 | _aPhilip Kotler. David Gertner / Irving Rein , Donald Haider | ||
| 942 |
_2ddc _c1 |
||
| 999 | _c14030 | ||